| 000 | 00528nam a2200193 a 4500 | ||
|---|---|---|---|
| 005 | 20210219152911.0 | ||
| 008 | 991125n 000 0 eng u | ||
| 035 | _aUPN01000066298 | ||
| 100 | _aSILVER, Adele Z. | ||
| 222 | _aCHILDREN TODAY | ||
| 245 | _aBringing art to the classroom : the taft museum in-school program | ||
| 300 | _a2-7 | ||
| 362 | _a1978 Vol. 7, No. 1, jan.-feb. | ||
| 653 | 0 | _aEDUCACION ARTISTICA | |
| 653 | 0 | _aMUSEOS | |
| 653 | 0 | _aPLANEACION EDUCATIVA | |
| 904 |
_aAC _b004109 |
||
| 905 | _aArticulo | ||
| 999 |
_c63434 _d63434 |
||